<?xml version="1.0" encoding="UTF-8"?>
<marc:record xmlns:marc="http://www.loc.gov/MARC21/slim">
   <marc:leader>00000nam a2200000 a 4500</marc:leader>
   <marc:datafield ind1="1" ind2=" " tag="100">
      <marc:subfield code="a">Terry, Teri</marc:subfield>
      <marc:subfield code="4">aut</marc:subfield>
      <marc:subfield code="e">Verfasser/-in</marc:subfield>
   </marc:datafield>
   <marc:datafield ind1=" " ind2=" " tag="653">
      <marc:subfield code="a">Geheimnis</marc:subfield>
   </marc:datafield>
   <marc:datafield ind1=" " ind2=" " tag="653">
      <marc:subfield code="a">Geschwister</marc:subfield>
   </marc:datafield>
   <marc:datafield ind1="0" ind2="0" tag="245">
      <marc:subfield code="a">Book of Lies</marc:subfield>
   </marc:datafield>
   <marc:datafield ind1="0" ind2="0" tag="245">
      <marc:subfield code="b">Jugendbuch ab 14 - 17 Jahren</marc:subfield>
   </marc:datafield>
   <marc:datafield ind1=" " ind2="1" tag="264">
      <marc:subfield code="b">Coppenrath</marc:subfield>
      <marc:subfield code="c">2016</marc:subfield>
   </marc:datafield>
   <marc:datafield ind1="1" ind2=" " tag="520">
      <marc:subfield code="a">Klappentext: Quinn und Piper sind Zwillinge, doch sie sind sich noch nie begegnet. Erst als ihre Mutter bei einem tragischen Unfall stirbt, treffen sich die Schwestern auf der Beerdigung. Piper ist begeistert und fasziniert. Für sie ist Quinn der Schlüssel zu einem uralten Familiengeheimnis. Doch Quinn ist voller Misstrauen. Warum wurde sie ihr Leben lang von ihrer Schwester ferngehalten? Schlummert in ihr tatsächlich eine dunkle Seite, vor der sie ihre Mutter und Großmutter immer gewarnt haben? Ist sie eine Gefahr für Piper? Während Quinn ihre Vergangenheit hinter sich lassen will, vergräbt sich Piper immer tiefer in die Mythen und Prophezeiungen, die sich um ihre Familie ranken - und tritt damit ein Inferno los.</marc:subfield>
   </marc:datafield>
   <marc:datafield ind1=" " ind2=" " tag="020">
      <marc:subfield code="a">9783649667520</marc:subfield>
      <marc:subfield code="9">9783649667520</marc:subfield>
   </marc:datafield>
</marc:record>
